| 000 | 01099nam a2200277Ia 4500 | ||
|---|---|---|---|
| 001 | 296.3-BAE le es (14619) | ||
| 003 | IT-MiSPE | ||
| 008 | 171229s9999||||xx |||||||||||||| ||und|| | ||
| 040 |
_aIT-MiSPE _cIT-MiSPE |
||
| 041 | _aITALIANO | ||
| 100 | _aLeo Baeck | ||
| 240 | _aDas Wesen des Judentums | ||
| 245 | 0 | _aL'essenza dell'ebraismo | |
| 250 | _a1a ed. (v) | ||
| 260 |
_aGenova _bMarietti _c1988 |
||
| 300 |
_a267 p. _c22 cm |
||
| 490 |
_aRadici _v8 |
||
| 500 | _aEbraismo | ||
| 501 | _aEdizioni San Paolo srl - Piazza Soncino, 5 - 20092 CINISELLO BALSAMO (MI) (non commercial uses only) ® Copyright 2018 | ||
| 520 | _aMartin Cunz (postf.) | ||
| 700 |
_aCarlo Danna _g(traduzione) |
||
| 700 | _aMartin Cunz | ||
| 942 | _cBK | ||
| 957 | _71 | ||
| 999 |
_a994 _bNO _g Copie: 1 _c350207 _d350207 |
||